The Christian counselor's manual, (Record no. 10966)

MARC details
000 -LEADER
fixed length control field 00985cam a2200301 4500
001 - CONTROL NUMBER
control field 4561844
003 - CONTROL NUMBER IDENTIFIER
control field GBCCL
005 - DATE AND TIME OF LATEST TRANSACTION
control field 20251105124736.0
008 - FIXED-LENGTH DATA ELEMENTS--GENERAL INFORMATION
fixed length control field 740304s1973 miua b 001 0 eng
020 ## - INTERNATIONAL STANDARD BOOK NUMBER
International Standard Book Number 0801000718
020 ## - INTERNATIONAL STANDARD BOOK NUMBER
International Standard Book Number 9780801000713
035 ## - SYSTEM CONTROL NUMBER
System control number 4561844
040 ## - CATALOGING SOURCE
Original cataloging agency DLC
Transcribing agency DLC
Modifying agency DLC
082 00 - DEWEY DECIMAL CLASSIFICATION NUMBER
Classification number 253.5
Item number ADA 1
100 1# - MAIN ENTRY--PERSONAL NAME
Personal name Adams, Jay E.
Dates associated with a name 1929-
245 14 - TITLE STATEMENT
Title The Christian counselor's manual,
Statement of responsibility, etc. by Jay E. Adams.
260 ## - PUBLICATION, DISTRIBUTION, ETC.
Place of publication, distribution, etc. Grand Rapids, Mich.,
Name of publisher, distributor, etc. Baker Book House
Date of publication, distribution, etc. 1978, [c1973]
300 ## - PHYSICAL DESCRIPTION
Extent xiii, 476 p.
Other physical details illus.
Dimensions 23 cm.
336 ## - CONTENT TYPE
Content type term text
Content type code txt
Source rdacontent
337 ## - MEDIA TYPE
Media type term unmediated
Media type code n
Source rdamedia
338 ## - CARRIER TYPE
Carrier type term volume
Carrier type code nc
Source rdacarrier
500 ## - GENERAL NOTE
General note "The sequel and companion volume to Competant to counsel."
504 ## - BIBLIOGRAPHY, ETC. NOTE
Bibliography, etc. note Includes bibliographical references.
650 #0 - SUBJECT ADDED ENTRY--TOPICAL TERM
Topical term or geographic name entry element Pastoral counseling.
906 ## - LOCAL DATA ELEMENT F, LDF (RLIN)
a 7
b cbc
c orignew
d 2
e opcn
f 19
g y-gencatlg
942 ## - ADDED ENTRY ELEMENTS (KOHA)
Source of classification or shelving scheme Dewey Decimal Classification
Koha item type Books
Suppress in OPAC No
Holdings
Withdrawn status Lost status Source of classification or shelving scheme Damaged status Not for loan Home library Current Library Shelving location Date acquired Total checkouts Full call number Barcode Date last seen Copy number Price effective from Koha item type
    Dewey Decimal Classification     GRACE BIBLE COLLEGE GRACE BIBLE COLLEGE Ministry & Mission 2025-11-05   253.5 ADA 017284 2025-11-05 c.1 2025-11-05 Books
© Grace Bible College Library 2025